000 01992nam0a2200385 4500
001 RU\NLR\BIBL_A\022518173
005 20250804145738.0
010 _a978-5-6051954-7-4
021 _aRU
_bКН-П-25-009113
_9КН-П-25-0917
035 _a(NLR Aleph) 022518173
090 _a13461045
_c13461045
100 _a20250409d2025 k y0rusy50 ca
101 0 _arus
102 _aRU
105 _aach z 010yy
181 0 _ai3
_baxxe
182 0 _an
200 1 _aИсторик и гражданин
_eсборник научных работ по истории России позднего Средневековья и Нового времени к 85-летию В. А. Артамонова
_fИнститут российской истории РАН
_gответственный редактор: к. и. н. А. В. Малов
203 _aТекст
_bвизуальный
_cнепосредственный
210 _aМосква
_cФонд "Русские Витязи"
_d2025
215 _a389 с., [4] л. цв. ил., факс.
_cил., портр.
_d24
300 _aРез. англ.
320 _aБиблиогр. в конце ст. и в подстроч. примеч.
320 _aРаботы В. А. Артамонова / сост. А. В. Малов: с. 380-389 (165 назв.)
607 _aРоссия
_jСборники
_xИстория
_z17 - 18 вв.
_92169429
_3RU\NLR\AUTH\661305092
686 1 _aТ3(2)46я43
702 1 _aМалов
_bА. В.
_f1968-
_gАлександр Витальевич
_4340
702 1 _4280
_aАртамонов
_bВ. А.
_cканд. ист. наук
_f1940-
_gВладимир Алексеевич
_9143248
_3RU\NLR\AUTH\770143284
702 1 _aМалов
_bА. В.
712 0 2 _4570
_aИнститут российской истории
_cМосква
_9278013
_3RU\NLR\AUTH\883386
942 _cBOOK
980 _aNB